Score 0/24 Timer 04:00
0 Plays Today
Incomplete Song Title Missing Word % Correct
___________ JunctionConjunction
77.9%
A ____ is a person, place or thingNoun
75.6%
The ____ Heard Round the WorldShot
71.2%
I'm Just a ____Bill
68.3%
The Great American _______ PotMelting
67%
Three is a _____ numberMagic
58.3%
Figure _____Eight
56.8%
Lolly, Lolly, Lolly, get your _______ hereAdverbs
44.7%
My Hero, ____Zero
39.8%
Inter-planet _____Janet
25.1%
Sufferin' 'till ________Suffrage
14.9%
_____ Seven SamsonLucky
14.9%
Incomplete Song Title Missing Word % Correct
Mother _________Necessity
13.2%
Three ____ GovernmentRing
12.7%
_____ Xavier SarsaparillaRufus
12.3%
_____ RoomElbow
11.5%
Little Twelve ____Toes
10.5%
The Tale of Mr. ______Morton
10.4%
No More _____Kings
9.4%
_______ Number NineNaughty
8.8%
The ____ MachineBody
5.8%
A victim of _______Gravity
5.2%
_________ LineTelegraph
4.5%
The ______ BluesEnergy
4.2%

Today's Daily Dose

Quick Pick
Colorful Movies

Get the Picture
Dog Breeds II

Remove Ads.
Support Sporcle.
Get the best of Sporcle when you Go Orange. This ad-free experience offers more features, more stats, and more fun while also helping to support Sporcle. Thank you for becoming a member.

You're not logged in!

Compare scores with friends on all Sporcle quizzes.
OR
Log In

Show Comments

Extras

Top Quizzes Today


Score Distribution

Your Account Isn't Verified!

In order to create a playlist on Sporcle, you need to verify the email address you used during registration. Go to your Sporcle Settings to finish the process.

Report this User

Report this user for behavior that violates our Community Guidelines.

Details: